| 000 | 01704cam a2200397 i 4500 | ||
|---|---|---|---|
| 001 | 14942209 | ||
| 003 | EG-ScBUE | ||
| 005 | 20240609121634.0 | ||
| 008 | 070726r20102007nyub f b 001 0 eng d | ||
| 020 | _a0521700760 (pbk.) | ||
| 020 | _a9780521700764 (pbk.) | ||
| 035 | _a(OCoLC)ocm77796026 | ||
| 040 |
_aEG-ScBUE _beng _cEG-ScBUE _dEG-ScBUE _erda |
||
| 043 | _af-ua--- | ||
| 082 | 0 | 4 |
_a962 _222 _bMAR |
| 100 | 1 |
_aSayyid-Marsot, Afaf Lutfi, _934271 _eauthor. |
|
| 245 | 1 | 2 |
_aA history of Egypt : _bfrom the Arab conquest to the present / _cAfaf Lutfi Al-Sayyid Marsot, professor of near and Middle East history, University of California at Los Angeles. |
| 250 | _aSecond edition. | ||
| 264 |
_aCambridge : _bCambridge University Press, _c2010. |
||
| 300 |
_axii, 184 pages : _bmaps ; _c23 cm |
||
| 336 |
_2rdacontent _atext _btxt |
||
| 337 |
_aunmediated _2rdamedia _bn |
||
| 338 |
_avolume _bnc _2rdacarrier |
||
| 504 | _aIncludes bibliographical references and index. | ||
| 651 | 7 |
_aEgypt _xHistory _y640-1882. _934272 _2BUEsh |
|
| 651 | 7 |
_aEgypt _xHistory _y1798- _933800 _2BUEsh |
|
| 651 | 7 |
_aEgypt _xCivilization. _934273 _2BUEsh |
|
| 651 | 7 |
_aEgypt _xPolitics and government. _934274 _2BUEsh |
|
| 653 | _cOctober2013 | ||
| 655 | _vReading book | ||
| 856 | 4 | 1 |
_3Table of contents only _uhttp://www.loc.gov/catdir/enhancements/fy0729/2007277822-t.html |
| 856 | 4 | 2 |
_3Contributor biographical information _uhttp://www.loc.gov/catdir/enhancements/fy0729/2007277822-b.html |
| 856 | 4 | 2 |
_3Publisher description _uhttp://www.loc.gov/catdir/enhancements/fy0729/2007277822-d.html |
| 942 |
_2ddc _cBB |
||
| 999 |
_c17699 _d17671 |
||